TB. OF CLINICAL NEUROANATOMY (Record no. 1584)

MARC details
000 -LEADER
fixed length control field 00344nam a2200145Ia 4500
008 - FIXED-LENGTH DATA ELEMENTS--GENERAL INFORMATION
fixed length control field 150201s2013 xx 000 0 und d
082 ## - DEWEY DECIMAL CLASSIFICATION NUMBER
Classification number 611
Item number C13S
100 ## - MAIN ENTRY--PERSONAL NAME
Personal name SINGH, VISHRAM
245 ## - TITLE STATEMENT
Title TB. OF CLINICAL NEUROANATOMY
250 ## - EDITION STATEMENT
Edition statement 2ND
260 ## - PUBLICATION, DISTRIBUTION, ETC. (IMPRINT)
Name of publisher, distributor, etc. ELSVIER
Place of publication, distribution, etc. INDIA
Date of publication, distribution, etc. 2013
300 ## - PHYSICAL DESCRIPTION
Extent 1-255
650 ## - SUBJECT ADDED ENTRY--TOPICAL TERM
Topical term or geographic name as entry element HUMAN ANATOMY
942 ## - ADDED ENTRY ELEMENTS (KOHA)
Source of classification or shelving scheme Dewey Decimal Classification
Koha item type Books
Koha issues (borrowed), all copies 7
Holdings
Withdrawn status Lost status Source of classification or shelving scheme Damaged status Not for loan Collection code Home library Current library Shelving location Date acquired Source of acquisition Cost, normal purchase price SGTU Bill Number Total Checkouts Full call number Barcode Date last seen Bill Date Koha item type Date last checked out
    Dewey Decimal Classification     MEDICAL SGT Medical Library SGT Medical Library Text Book 23/01/2014 ABC DELHI 575.00 SGTU 4209   611 C13S FM5563 09/02/2015 08/02/2014 Books  
    Dewey Decimal Classification     MEDICAL SGT Medical Library SGT Medical Library Text Book 23/01/2014 ABC DELHI 575.00 SGTU 4209 11 611 C13S FM5564 19/01/2023 08/02/2014 Books 22/12/2022
    Dewey Decimal Classification     MEDICAL SGT Medical Library SGT Medical Library Text Book 23/01/2014 ABC DELHI 575.00 SGTU 4209 10 611 C13S FM5565 02/06/2023 08/02/2014 Books 20/05/2023
    Dewey Decimal Classification     MEDICAL SGT Medical Library SGT Medical Library Text Book 23/01/2014 ABC DELHI 575.00 SGTU 4209 4 611 C13S FM5566 07/12/2022 08/02/2014 Books 25/11/2022
    Dewey Decimal Classification     MEDICAL SGT Medical Library SGT Medical Library Text Book 23/01/2014 ABC DELHI 575.00 SGTU 4209 2 611 C13S FM5567 16/08/2017 08/02/2014 Books 26/05/2017